000 00716nam a2200193Ia 4500
003 GCL
008 140319s9999 xx 000 0 ara d
040 _aGCL /
_cGCL
082 0 4 _a658.9
_bم أ
100 1 _aمحمد ماجد عباس خلوصى
245 1 0 _aالادارة التنفيذية لمشروعات التشييد والتحكم فى التكلفة والوقت الجزء الاول /
_cمحمد ماجد عباس خلوصى
260 _a[S.N] :
_bلجنة الاعلام والدراسات المستقبلية ،
_c1992
300 _a315 ص
490 _a
650 0 4 _aتنظيم وادارة
650 0 4 _aالادارة التنفيذية
650 0 4 _aمشروعات
942 _2ddc
_cBK
999 _c38641
_d38641